| 000 | 00666cam a2200181 i 4500 | ||
|---|---|---|---|
| 082 |
_a515.63 _bWEA _cL-4, P-2 |
||
| 100 | 1 |
_aWeatherburn, C. E. _939307 |
|
| 245 | 1 | 0 |
_aAdvanced vector analysis : _bwith application to mathematical physics / _cby C.E. Weatherburn. |
| 250 | _aRevised | ||
| 260 |
_aLondon : _bG. Bell, _c1949 ; _aLaSalle, Ill. : _bReprinted in U.S.A. [by] Open Court Pub. Co., _c1948. |
||
| 300 |
_axiv, [ii], 222 p. : _bill. ; _c22 cm. |
||
| 490 | 1 | _aBell's mathematical series. Advanced section | |
| 500 | _aIncludes index. | ||
| 526 |
_a0 _b0 _c0 _d515_630000000000000_WEA |
||
| 650 | 0 |
_aMCE _9379 |
|
| 650 | 0 |
_aVector analysis. _91184 |
|
| 942 |
_2ddc _cBK |
||
| 999 |
_c543828 _d543828 |
||